00356nam a2200133Ia 4500003000400000005001700004008004100021040000700062082002100069100001900090245006100109260004400170365000800214OSt20230529095120.0210423s1984 xx 000 0 und d cAL a304.6223b BOSP aBOSE (Ashish). aPopulation of india: 1991 census results and methodolgy. aDelhibB R Publishing Corporationc1984 cINR